000 00318nam a22001217a 4500
020 _a9780714867410
040 _cNUST
082 _a730.118
_bGEO
100 _aGeorge, Herbert
_982276
245 _a The Elements Of Sculpture:
_bA Viewer's Guide
260 _aLondon:
_bPhaidon Press Limited,
_c2014.
942 _2ddc
_cBK
999 _c586444
_d586444